Regional manufacturing output growth slows (Record no. 117838)

MARC details
000 -LEADER
fixed length control field 01283cam a2200241 4500
001 - CONTROL NUMBER
control field WB4031-06
008 - FIXED-LENGTH DATA ELEMENTS--GENERAL INFORMATION
fixed length control field 040810n2004 000 0 eng u
035 ## - SYSTEM CONTROL NUMBER
System control number (Sirsi) u127048
245 ## - TITLE STATEMENT
Title Regional manufacturing output growth slows
260 ## - PUBLICATION, DISTRIBUTION, ETC.
Date of publication, distribution, etc. 2004
490 ## - SERIES STATEMENT
Series statement CBI News Release
Volume/sequential designation 9 August 2004 (3)
520 ## - SUMMARY, ETC.
Summary, etc. According to the latest "Regional trends survey" published by the CBI and Experian, manufacturing output growth has slowed in the last three months to July 2004. However, overall the overall position continues to improve in most regions - apart from the West Midlands where confidence among manufacturers remains depressed. In Scotland employment stabilised after almost four years. The survey suggests that employment contraction in the next few months will continue. Estimates based on the survey results suggest a further 14 000 jobs will be lost to manufacturing in the current quarter. http://www.cbi.org.uk/ndbs/press.nsf/0363c1f07c6ca 12a8025671c00381cc7/0d765644763f143380256ee1003b43 9a?OpenDocument
590 ## - LOCAL NOTE (RLIN)
Local note WB
590 ## - LOCAL NOTE (RLIN)
Local note WB
650 ## - SUBJECT ADDED ENTRY--TOPICAL TERM
Topical term or geographic name entry element MANUFACTURING OUTPUT
650 ## - SUBJECT ADDED ENTRY--TOPICAL TERM
Topical term or geographic name entry element EXPORT ORDERS
650 ## - SUBJECT ADDED ENTRY--TOPICAL TERM
Topical term or geographic name entry element CBI SURVEY
650 ## - SUBJECT ADDED ENTRY--TOPICAL TERM
Topical term or geographic name entry element RECOVERY
650 ## - SUBJECT ADDED ENTRY--TOPICAL TERM
Topical term or geographic name entry element ORDERS
650 ## - SUBJECT ADDED ENTRY--TOPICAL TERM
Topical term or geographic name entry element REGIONAL TRENDS
690 ## - LOCAL SUBJECT ADDED ENTRY--TOPICAL TERM (OCLC, RLIN)
Topical term or geographic name as entry element ECONOMIC ISSUES
942 ## - ADDED ENTRY ELEMENTS (KOHA)
Suppress in OPAC 0
Holdings
Withdrawn status Lost status Source of classification or shelving scheme Damaged status Not for loan Home library Current library Shelving location Date acquired Total Checkouts Full call number Barcode Date last seen Copy number Price effective from Koha item type
    Dewey Decimal Classification     London London News article 10/08/2004   WB4031-06 127048-1001 06/08/2019 1 06/08/2019 News article